| 000 | 00607nam a2200205 i 4500 | ||
|---|---|---|---|
| 001 | 118640 | ||
| 003 | ES-MaACL | ||
| 005 | 20250720042625.0 | ||
| 007 | t| | ||
| 008 | 070214s1958 sp r ||||1| spa d | ||
| 100 | 0 |
_aDaniel-Rops. _942631 |
|
| 245 | 1 | 3 |
_aLa leyenda dorada / _cDaniel-Rops [seud] ; traducción del francés por Isabel Esteban. |
| 250 | _a1ª. ed. | ||
| 260 |
_aBarcelona : _bAymá, _c1958. |
||
| 300 |
_a230 p., 33 lám. ; _c19 cm. |
||
| 650 | 7 |
_aSantos cristianos _2 _9154315 |
|
| 700 | 1 |
_aEsteban, Isabel. _948031 |
|
| 852 |
_aES-MaACL _jC-16319 _bR.43750 |
||
| 999 |
_c118640 _d118640 |
||